000 00837nam a22002417a 4500
003 UA-OsUOA
001 47483
007 ta
008 20120619b un ||||| |||| 00| 0 ukr d
100 _aМаців Б.
090 _a94(477).09
_bМ36
942 _cBK
040 _aUA-OsUOA
_bukr
_cUA-OsUOA
_dUA-OsUOA
245 _aУкраїнська дивізія "Галичина"
_bІсторія у світлинах від заснування у 1943 р. до звільнення з полону 1949 р.
300 _a254 с.
955 _a1
041 _aukr
080 _a94(477).09
260 _aЛьвів
_bЗУКЦ
_c2009
650 7 _a9 Географія. Біографії. Історія
_2UDC
999 _c427582
_d427582